|
|
|
|
| LEADER |
00000cab a2200000 a 4500 |
| 001 |
041377 |
| 003 |
UAHC_CL |
| 005 |
20170803124552.0 |
| 008 |
051228b xx j 000 1 spa |
| 040 |
|
|
|a UAHC_CL
|c UAHC_CL
|d UAHC_CL
|
| 100 |
1 |
|
|a Martínez, Isabel María
|
| 245 |
1 |
0 |
|a Efectos del anonimato y el género sobre el nivel de consenso, cohesión y satisfacción en grupos con apoyo de sistemas informáticos /
|c Isabel María Martínez, Roberto J. Mejías.
|
| 500 |
|
|
|a Revista de Psicología Social (España) 2003, vol 18 (2). p. 107-120
|
| 500 |
|
|
|a Revista de Psicología Social (España) 2003, vol 18 (2). p. 107-120
|
| 520 |
|
|
|a Los sistemas de apoyo informático han dado lugar a nuevas formas de trabajo en grupo permitiendo la interacción en situaciones en las que los componentes del grupo están física, temporal y funcionalmente separados. El objetivo del presente trabajo es analizar los efectos del anonimato y el género sobre el nivel de consenso, la cohesión y la satisfacción de los individuos, en una situación de trabajo en grupo asistido por sistemas informáticos.\Mediante un diseño experimental de laboratorio se consideran dos condiciones experimentales: Grupos con apoyo de sistemas informáticos (GSS) y grupos cara a cara y dos situaciones: de anónimo e identificados. Los resultados, no muestran diferencias en los niveles de acuerdo pre-discusión y post-discusión, en función del anonimato, del género ni del uso de la tecnología. Sin embargo, a nivel individual, se advierten diferencias significativas en la cohesión grupal y satisfacción con el proceso y la decisión final, considerando la situación de anonimato y la variable género.
|
| 520 |
|
|
|a Los sistemas de apoyo informático han dado lugar a nuevas formas de trabajo en grupo permitiendo la interacción en situaciones en las que los componentes del grupo están física, temporal y funcionalmente separados. El objetivo del presente trabajo es analizar los efectos del anonimato y el género sobre el nivel de consenso, la cohesión y la satisfacción de los individuos, en una situación de trabajo en grupo asistido por sistemas informáticos.\Mediante un diseño experimental de laboratorio se consideran dos condiciones experimentales: Grupos con apoyo de sistemas informáticos (GSS) y grupos cara a cara y dos situaciones: de anónimo e identificados. Los resultados, no muestran diferencias en los niveles de acuerdo pre-discusión y post-discusión, en función del anonimato, del género ni del uso de la tecnología. Sin embargo, a nivel individual, se advierten diferencias significativas en la cohesión grupal y satisfacción con el proceso y la decisión final, considerando la situación de anonimato y la variable género.
|
| 700 |
1 |
|
|a Mejías, Roberto J.
|
| 700 |
1 |
|
|a Mejías, Roberto J.
|
| 759 |
|
|
|a PP142
|
| 773 |
0 |
|
|t Revista de sociología
|w 041937
|
| 900 |
|
|
|a REV. PSICOL. SOC.-02/03
|
| 942 |
|
|
|c REVA
|
| 952 |
|
|
|0 0
|1 0
|4 0
|6 REV___PSICOL__SOC_02_03_000000000000000
|7 0
|8 General
|9 77708
|a BC
|b BC
|c General
|d 2017-08-03
|l 0
|o REV. PSICOL. SOC.-02/03
|p FICTICIO6833
|r 2019-01-08 00:00:00
|t 1
|w 2017-08-03
|y REVA
|
| 999 |
|
|
|c 41377
|d 41377
|